<?xml version="1.0" encoding="UTF-8"?><?xml-stylesheet type="text/xsl" href="static/style.xsl"?><OAI-PMH xmlns="http://www.openarchives.org/OAI/2.0/" xmlns:xsi="http://www.w3.org/2001/XMLSchema-instance" xsi:schemaLocation="http://www.openarchives.org/OAI/2.0/ http://www.openarchives.org/OAI/2.0/OAI-PMH.xsd"><responseDate>2026-04-13T13:27:58Z</responseDate><request verb="GetRecord" identifier="oai:www.recercat.cat:10459.1/70665" metadataPrefix="marc">https://recercat.cat/oai/request</request><GetRecord><record><header><identifier>oai:recercat.cat:10459.1/70665</identifier><datestamp>2024-12-05T23:09:55Z</datestamp><setSpec>com_2072_3622</setSpec><setSpec>col_2072_478537</setSpec></header><metadata><record xmlns="http://www.loc.gov/MARC21/slim" xmlns:dcterms="http://purl.org/dc/terms/" xmlns:xsi="http://www.w3.org/2001/XMLSchema-instance" xmlns:doc="http://www.lyncode.com/xoai" xsi:schemaLocation="http://www.loc.gov/MARC21/slim http://www.loc.gov/standards/marcxml/schema/MARC21slim.xsd">
   <leader>00925njm 22002777a 4500</leader>
   <datafield ind2=" " ind1=" " tag="042">
      <subfield code="a">dc</subfield>
   </datafield>
   <datafield ind2=" " ind1=" " tag="720">
      <subfield code="a">Perosanz Vela, Ana</subfield>
      <subfield code="e">author</subfield>
   </datafield>
   <datafield ind2=" " ind1=" " tag="260">
      <subfield code="c">2021-03-03T11:07:08Z</subfield>
   </datafield>
   <datafield ind2=" " ind1=" " tag="260">
      <subfield code="c">2021-03-03T11:07:08Z</subfield>
   </datafield>
   <datafield ind2=" " ind1=" " tag="260">
      <subfield code="c">2020-05</subfield>
   </datafield>
   <datafield ind2=" " ind1=" " tag="520">
      <subfield code="a">Introducción: La interrupción voluntaria del embarazo debido a malformaciones congénitas es un suceso traumático con posibles consecuencias psicológicas para los progenitores. El rango de emociones y experiencias que ocasiona la decisión de interrumpir el embarazo trasciende el plano físico y provoca un modelo diferente de duelo. Por consiguiente, se necesitan nuevas vías de atención multidisciplinar que&#xd;
permitan a las mujeres recibir un apoyo psicológico de calidad. Objetivo general: Diseñar un programa de apoyo familiar en mujeres que hayan decidido realizar una interrupción del embarazo por malformaciones congénitas para disminuir la probabilidad de que desarrollen síntomas depresivos y de estrés postraumático. Metodología: El presente proyecto de intervención es un programa de apoyo familiar&#xd;
que incluye una serie de actividades dirigidas a las gestantes y su familia. Está planeado para llevarse a cabo durante un año en Barcelona. Las escalas que se utilizarán serán: la APGAR Familiar, la EPDS y la EIE-R. Conclusiones: Es evidente que la pérdida voluntaria prenatal supone un gran impacto psicológico. Para contrarrestarlo, el programa de apoyo familiar representa un enfoque de ayuda viable y eficaz que puede disminuir la probabilidad de desarrollar síntomas depresivos y de estrés postraumático en mujeres embarazadas que deciden la interrupción de la gestación.</subfield>
   </datafield>
   <datafield ind2=" " ind1=" " tag="520">
      <subfield code="a">Introducció: La interrupció voluntària de l’embaràs a causa de malformacions congènites és un succés traumàtic amb possibles conseqüències psicològiques per als progenitors. El rang d'emocions i experiències que ocasiona la decisió d'interrompre l'embaràs transcendeix el pla físic i provoca un model diferent de dol. Per tant, es necessiten noves vies d’atenció multidisciplinar que permetin a les dones&#xd;
rebre un suport psicològic de qualitat. Objectiu general: Dissenyar un programa de suport familiar a dones que hagin decidit realitzar una interrupció de l’embaràs per malformacions congènites per disminuir la&#xd;
probabilitat que desenvolupin símptomes depressius i d’estrès posttraumàtic. Metodologia: El present projecte d’intervenció és un programa de suport familiar que inclou un seguit d’activitats dirigides a les gestants i la seva família. Està planejat per dur-se a terme durant un any a Barcelona. Les escales que s’utilitzaran seran: la APGAR Familiar, la EPDS i la EIE-R. Conclusions: És evident que la pèrdua voluntària prenatal suposa un gran impacte psicològic. Per contrarestar-ho, el programa de suport familiar representa un enfocament d’ajuda viable i eficaç que pot disminuir la probabilitat de desenvolupar&#xd;
símptomes depressius i d’estrès posttraumàtic en dones embarassades que decideixen la interrupció de la gestació.</subfield>
   </datafield>
   <datafield ind2=" " ind1=" " tag="520">
      <subfield code="a">Introduction: Voluntary termination of pregnancy due to congenital malformations is a traumatic event with possible psychological consequences for parents. The range of emotions and experiences caused by the decision to terminate the pregnancy transcends the physical plane and causes a different pattern of grief. Therefore, new avenues for multidisciplinary care are needed to allow women to receive quality psychological support. General objective: To design a family support program in women who have decided to terminate the pregnancy due to congenital malformations to decrease the probability that they will develop depressive and post-traumatic stress symptoms. Methodology: This intervention project is a family support program that includes a series of activities aimed at pregnant women and their families. It is thought to take place during an entire year in Barcelona. The scales to be used will be: the Family&#xd;
APGAR, the EPDS and the IES-R. Conclusions: It is evident that voluntary prenatal loss has a huge psychological impact. To counter this, the family support program represents a viable and effective&#xd;
help approach that might decrease the probability of developing depressive and posttraumatic stress symptoms in pregnant women who decide to interrupt pregnancy.</subfield>
   </datafield>
   <datafield ind1="8" ind2=" " tag="024">
      <subfield code="a">http://hdl.handle.net/10459.1/70665</subfield>
   </datafield>
   <datafield tag="653" ind2=" " ind1=" ">
      <subfield code="a">Malformaciones congénitas</subfield>
   </datafield>
   <datafield tag="653" ind2=" " ind1=" ">
      <subfield code="a">Enfermería</subfield>
   </datafield>
   <datafield tag="653" ind2=" " ind1=" ">
      <subfield code="a">Duelo</subfield>
   </datafield>
   <datafield tag="653" ind2=" " ind1=" ">
      <subfield code="a">Apoyo familiar</subfield>
   </datafield>
   <datafield tag="653" ind2=" " ind1=" ">
      <subfield code="a">Interrupció voluntària de l'embaràs</subfield>
   </datafield>
   <datafield tag="653" ind2=" " ind1=" ">
      <subfield code="a">Malformacions congènites</subfield>
   </datafield>
   <datafield tag="653" ind2=" " ind1=" ">
      <subfield code="a">Infermeria</subfield>
   </datafield>
   <datafield tag="653" ind2=" " ind1=" ">
      <subfield code="a">Dol</subfield>
   </datafield>
   <datafield tag="653" ind2=" " ind1=" ">
      <subfield code="a">Suport familiar</subfield>
   </datafield>
   <datafield tag="653" ind2=" " ind1=" ">
      <subfield code="a">Interrupción voluntaria del embarazo</subfield>
   </datafield>
   <datafield tag="653" ind2=" " ind1=" ">
      <subfield code="a">Voluntary termination of pregnancy</subfield>
   </datafield>
   <datafield tag="653" ind2=" " ind1=" ">
      <subfield code="a">Congenital malformations</subfield>
   </datafield>
   <datafield tag="653" ind2=" " ind1=" ">
      <subfield code="a">Nursing</subfield>
   </datafield>
   <datafield tag="653" ind2=" " ind1=" ">
      <subfield code="a">Grief</subfield>
   </datafield>
   <datafield tag="653" ind2=" " ind1=" ">
      <subfield code="a">Family support</subfield>
   </datafield>
   <datafield tag="653" ind2=" " ind1=" ">
      <subfield code="a">Avortament</subfield>
   </datafield>
   <datafield tag="653" ind2=" " ind1=" ">
      <subfield code="a"> Malformacions</subfield>
   </datafield>
   <datafield tag="653" ind2=" " ind1=" ">
      <subfield code="a">Dol</subfield>
   </datafield>
   <datafield tag="653" ind2=" " ind1=" ">
      <subfield code="a">Família -- Aspectes psicològics</subfield>
   </datafield>
   <datafield ind2="0" ind1="0" tag="245">
      <subfield code="a">Programa de apoyo familiar en mujeres que deciden realizar una interrupción voluntaria del embarazo por malformaciones congénitas. Proyecto de investigación</subfield>
   </datafield>
</record></metadata></record></GetRecord></OAI-PMH>